Annotierte Bibliographie zum Sport im alten Ägypten /

محفوظ في:

المؤلف الرئيسي: Decker, Wolfgang.

التنسيق: كتاب

اللغة: German

منشور في: Sankt Augustin : Verlag Hans Richarz, 1978.

الموضوعات:

الوسوم: إضافة وسم

لا توجد وسوم, كن أول من يضع وسما على هذه التسجيلة!

رقم الطلب: Z7515 .E45 D4

LEADER 00594nam a22002057a 4500
003 OSt
005 20251201105755.0
008 251201t1978 gw b 001 0 ger d
020 |a 3921255163 
040 |c ARCE Library 
050 1 4 |a Z7515 .E45  |b D4 
100 1 |a Decker, Wolfgang. 
245 1 0 |a Annotierte Bibliographie zum Sport im alten Ägypten /   |c Wolfgang Decker. 
264 1 |a Sankt Augustin :   |b Verlag Hans Richarz,   |c 1978. 
300 |a 164 p. ;   |c 25 cm. 
500 |a Includes indexes. 
650 0 |a Sports -- Egypt -- Bibliography. 
901 |a reviewed 
942 |2 lcc  |c BK 
999 |c 50107  |d 50107